| 000 | 00602nam a22001817a 4500 | ||
|---|---|---|---|
| 020 | _qHard Cover. | ||
| 082 | _a330 | ||
| 100 | _aCh. Muhammad Qasim Abbas | ||
| 245 | _aDO INFLATION EXPECTATIONS PROPAGATE THE INFLATIONARY IMPACT OF OIL AND FOOD PRICE SHOCKS? | ||
| 260 |
_aIslamabad: _bS3H - NUST, _c2019. |
||
| 300 |
_a66 p. : _bill. ; _c30cm. |
||
| 563 | _aHB | ||
| 650 |
_aEconomics BS-Project Report. _927430 |
||
| 700 |
_aDr. Gulzar Khan _927452 |
||
| 856 | _u http://10.250.8.41:8080/xmlui/handle/123456789/3175 | ||
| 942 |
_2ddc _cPR |
||
| 999 |
_c533546 _d533546 |
||